¿Proteccionismo a la vista?
Sparad:
| Materialtyp: | Text |
|---|---|
| Publicerad: |
San José, Costa Rica:
DEI
|
| Ämnen: | |
| Taggar: |
Lägg till en tagg
Inga taggar, Lägg till första taggen!
|
MARC
| LEADER | 00000 a a2200000 04500 | ||
|---|---|---|---|
| 001 | 46267 | ||
| 003 | |||
| 040 | |||
| 020 | |a ISSN 1563-0013 | ||
| 090 | |a REV1626 10(1)2009 | ||
| 245 | |a ¿Proteccionismo a la vista? | ||
| 260 | |a San José, Costa Rica: |b DEI | ||
| 650 | |a CRISIS ECONOMICA | ||
| 650 | |a COMERCIO INTERNACIONAL | ||
| 650 | |a POLITICA COMERCIAL INTERNACIONAL | ||
| 650 | |a POLITICA ECONOMICA | ||
| 773 | |g volumen10, número1 (marzo, 2009), páginas 1-3 | ||
| 999 | |c 30048 |d 30048 | ||
